00473pab a2200157 454500008004000000100001900040245005000059260000900109300001100118362000900129650003200138773001800170909000900188999001500197952010300212180718b1985 xxu||||| |||| 00| 0 eng d aAbelson, Peter aHouse and land prices in Sydneyb1925 to 1970 c1985 a521-34 aDec. aHousing - Costs - Australia aUrban Studies a9865 c9865d9865 00104070aIIPAbIIPAd2018-07-19hVolume no: 22, Issue no: 6pAR9882r2018-07-19w2018-07-19yAR